00493 a2200181 450000100060000002000180000604000240002410000160004824000330006424500280009730000070012536200090013244000110014165000310015294200070018395201040019099900170029448142 a9788526009509 cAnchieta - Aquarius aBueno, Edna10aA ingrid veio ver o marlpor10aA ingrid veio ver o mar a140 a2004 1aGlobal 4aLiteratura infanto-juvenil cBK 00104070a87.1b87.1d2023-11-21l0o028.5 BUE INGp7323/AQUr2023-11-21 15:15:04w2023-11-21yBK c48142d48142